| 000 | 00552nam a2200193 a 4500 | ||
|---|---|---|---|
| 001 | 3856 | ||
| 005 | 20140414131929.0 | ||
| 008 | 040603s19uu xx 00 eng d | ||
| 020 | _a1-85830-078-9 | ||
| 050 |
_aM 398.2 _bM19 1993 |
||
| 100 | _aMcKie, Anne | ||
| 245 |
_a50 bedtime stories / _cwritten by Anne McKie; illustrated by Ken McKie. |
||
| 260 |
_aLondon : _bGrandreams, _c1994. |
||
| 300 | _a93 p. ; ill. | ||
| 520 | _aA delightful collection of new stories. | ||
| 650 | _aShort stories. | ||
| 650 | _aChildren stories. | ||
| 999 |
_c112176 _d112176 |
||